LDR 01405naa#a2200229#i#450# 001 RU\\bibl\19255 005 20260418174225.6 100 ## _a20260417b2026####ek#y0rusy0150####ca 102 ## _aRU 200 1# _aПЕРЕВОД АВТОБУСНОГО ПАРКА ОБЩЕСТВЕННОГО ТРАНСПОРТА Г. ВОРОНЕЖА НА АЛЬТЕРНАТИВНЫЕ ВИДЫ ТОПЛИВА: ОЦЕНКА ЭКОНОМИЧЕСКОЙ ЭФФЕКТИВНОСТИ _eСтатья/тезисы конференции 210 1# _aВоронеж _cВоронежский государственный лесотехнический университет имени Г.Ф. Морозова _d2026 215 ## _a7 с. 608 ## _aСтатья/тезисы конференции _2local 675 ## _a(Автомобили. Автомобилестроение). 629.113 _aОсновной капитал. Основные средства. Основные фонды. Капиталовложения. Иммобилизация. Использование денежных средств. 658.152 _z 700 #1 _aКораблев _gР. А. 700 #1 _aБелокуров _gВладимир Петрович 700 #1 _aШтепа _gЕ. Н. 700 #1 _aБусарина _gС. Э. 700 #1 _aТимченко _gА. И. 700 #1 _aКурганский _gА. О. 700 #1 _aЕрмоленко _gД. С. 856 4# _abibl.vgltu.ru _u